Anfärbereagenzien für dünnschicht- und papier- chromatographie

Gorde:
Xehetasun bibliografikoak
Egile Nagusiak: Merck AG, E. (autor), Darmstadt (Egilea)
Formatua: Liburua
Hizkuntza:alemana
Argitaratua: s.l s.n 1990
Gaiak:
Etiketak: Etiketa erantsi
Etiketarik gabe, Izan zaitez lehena erregistro honi etiketa jartzen!

MARC

LEADER 00000nam a2200000 a 4500
001 UCG4118
003 CL-VaPUC
008 101007e19900000gw |||||||||||||||||ger|d
082 0 4 |a 543.08952  |b MER  |2 21 
100 |a Merck AG, E.  |e autor  |9 553422 
700 0 |a Darmstadt  |e author  |9 553423 
245 1 0 |a Anfärbereagenzien für dünnschicht- und papier- chromatographie 
300 |a 74 p 
942 |c BK 
945 |d 20101007 00:00:00  |a mfarfan 
260 |a s.l  |b s.n  |c 1990 
650 7 |a CROMATOGRAFIA EN PAPEL  |2 CL-VaPUC  |9 259925 
999 |c 342971  |d 342969 
583 |k Rodrigo Vera 
952 |0 0  |1 0  |4 0  |6 543_089520000000000_MER_1990  |7 0  |8 A  |9 439732  |a BIBCUR  |b BIBCUR  |d 2019-11-22  |i 4706439  |o 543.08952 MER 1990  |p 4706439  |r 2025-04-22  |w 2019-11-22  |y BK  |k QUI